000
00309cam a22001097a 4500
008
180718b1955 xxu||||| |||| 00| 0 eng d
082
_a
B73043x5442
100
_a
Bombay. Health and Local Government Department
245
_a
Bombay municipal account code
260
_a
Bombay
_b
The author
_c
1955
300
_a
184p.
999
_c
392451
_d
392451